[Event "Arco op 34th"]
[Site "Arco"]
[Date "2012.10.17"]
[Round "5"]
[White "Notkevich, Benjamin Arvola"]
[Black "Ebeling, Jens"]
[Result "1-0"]
[WhiteElo "2296"]
[BlackElo "2011"]
[PlyCount "67"]
[EventDate "2012.10.13"]
[EventType "swiss"]
[EventRounds "9"]
[EventCountry "ITA"]
[SourceTitle "EXT 2013"]
[Source "ChessBase"]
[SourceDate "2012.11.22"]
[SourceVersion "1"]
[SourceVersionDate "2012.11.22"]
[SourceQuality "1"]

1. d4 Nf6 2. c4 g6 3. Nc3 Bg7 4. e4 d6 5. Nf3 0-0 6. Be2 Na6 7. 0-0 e5 8. Be3 Ng4 9. Bg5 Qe8 10. dxe5 dxe5 11. Qc1 h6 12. Bd2 Kh7 13. h3 Nf6 14. Be3 c6 15. c5 Qe7 16. Bxa6 bxa6 17. Qc2 Ne8 18. Qa4 Qe6 19. Nd2 f5 20. exf5 gxf5 21. f4 e4 22. Nb3 Nc7 23. Bd4 Rg8 24. Rad1 Qg6 25. Rf2 Nb5 26. Bxg7 Rxg7 27. Rd8 Qg3 28. Nxb5 axb5 29. Qd4 b4 30. Qe5 e3 31. Re2 Qg6 32. Qxe3 Qf6 33. Qe8 Ba6 34. Rxa8 1-0

[Event "Arco op 33rd"]
[Site "Arco"]
[Date "2011.10.26"]
[Round "5"]
[White "Ebeling, Jens"]
[Black "Del Nevo, Claudio"]
[Result "1/2-1/2"]
[WhiteElo "2019"]
[BlackElo "1831"]
[PlyCount "51"]
[EventDate "2011.10.22"]
[EventType "swiss"]
[EventRounds "9"]
[EventCountry "ITA"]
[SourceTitle "EXT 2012"]
[Source "ChessBase"]
[SourceDate "2011.11.24"]
[SourceVersion "1"]
[SourceVersionDate "2011.11.24"]
[SourceQuality "1"]

1. e4 d6 2. d4 Nf6 3. Nc3 c6 4. f4 g6 5. Nf3 Bg7 6. Bd3 0-0 7. 0-0 b6 8. f5 Ba6 9. fxg6 hxg6 10. Ng5 Bxd3 11. Qxd3 Qd7 12. Bd2 c5 13. d5 Nh5 14. Rf3 Bd4+ 15. Kh1 Qg4 16. h3 Qc8 17. g4 Nf6 18. e5 Bxe5 19. Raf1 Qa6 20. Qe3 Qc4 21. b3 Qd4 22. Qe1 Kg7 23. Rd3 Qb4 24. a4 c4 25. Nce4 Qa3 26. Rdf3 1/2-1/2

[Event "Politiken Cup 32nd"]
[Site "Copenhagen"]
[Date "2010.08.01"]
[Round "3"]
[White "Ebeling, Jens"]
[Black "Tallaksen, Levi Andre"]
[Result "1/2-1/2"]
[WhiteElo "1999"]
[BlackElo "2177"]
[PlyCount "44"]
[EventDate "2010.07.31"]
[EventType "swiss"]
[EventRounds "10"]
[EventCountry "DEN"]
[SourceTitle "CBM 137 Extra"]
[Source "ChessBase"]
[SourceDate "2010.09.01"]
[SourceVersion "1"]
[SourceVersionDate "2010.09.01"]
[SourceQuality "1"]

1. e4 e5 2. Bc4 d6 3. Nf3 Be7 4. d4 exd4 5. Nxd4 Nf6 6. Nc3 0-0 7. 0-0 c6 8. f3 Nbd7 9. Nf5 Nb6 10. Nxe7+ Qxe7 11. Bd3 h6 12. Qe2 Be6 13. Bd2 Rad8 14. Rae1 Rfe8 15. Kh1 Qc7 16. f4 Bc8 17. Qf3 Re7 18. e5 dxe5 19. fxe5 Nh7 20. Bf4 Be6 21. Qg3 Kh8 22. Ne4 Nd5 1/2-1/2

[Event "Arco op 31st"]
[Site "Arco"]
[Date "2009.10.20"]
[Round "5"]
[White "Roversi, Stefano"]
[Black "Ebeling, Jens"]
[Result "0-1"]
[WhiteElo "1824"]
[BlackElo "2047"]
[PlyCount "90"]
[EventDate "2009.10.17"]
[EventType "swiss"]
[EventRounds "9"]
[EventCountry "ITA"]
[SourceTitle "EXT 2010"]
[Source "ChessBase"]
[SourceDate "2010.11.25"]
[SourceVersion "1"]
[SourceVersionDate "2010.11.25"]
[SourceQuality "1"]

1. e4 c5 2. Nf3 e6 3. c4 Nc6 4. Nc3 Nf6 5. Bd3 Be7 6. e5 Ng4 7. Qe2 Qc7 8. Nb5 Qb8 9. Nd6+ Bxd6 10. exd6 Qxd6 11. Ng5 Nf6 12. Ne4 Nxe4 13. Qxe4 Qe5 14. 0-0 Qxe4 15. Bxe4 Nd4 16. Re1 0-0 17. b3 d5 18. Bb1 dxc4 19. bxc4 Bd7 20. Bb2 Bc6 21. Re5 b6 22. Bxd4 cxd4 23. Be4 Rac8 24. d3 Rfd8 25. a4 Bxe4 26. Rxe4 Rc5 27. f4 Rd6 28. Re5 f6 29. Rxc5 bxc5 30. Rb1 Ra6 31. Rb5 Rxa4 32. Rxc5 Ra3 33. Rc8+ Kf7 34. Rc7+ Kg6 35. c5 Rxd3 36. Rxa7 Rc3 37. Rd7 e5 38. fxe5 fxe5 39. Rd6+ Kf5 40. c6 Ke4 41. Rd7 Ke3 42. h4 d3 43. Rxg7 Rxc6 44. Rg3+ Ke2 45. Rg5 e4 0-1

[Event "Stuttgart-chA int"]
[Site "Ditzingen"]
[Date "2008.05.04"]
[Round "7"]
[White "Ebeling, Jens"]
[Black "Nabavi, Parwis"]
[Result "1/2-1/2"]
[WhiteElo "2065"]
[BlackElo "2185"]
[PlyCount "115"]
[EventDate "2008.05.01"]
[EventType "swiss"]
[EventRounds "7"]
[EventCountry "GER"]
[SourceTitle "EXT 2018"]
[Source "ChessBase"]
[SourceDate "2017.10.13"]
[SourceVersion "1"]
[SourceVersionDate "2017.10.13"]
[SourceQuality "1"]

1. e4 c5 2. Nf3 Nc6 3. Bb5 g6 4. 0-0 Bg7 5. Bxc6 dxc6 6. h3 Nf6 7. d3 0-0 8. Nc3 Re8 9. Be3 Nd7 10. Qd2 e5 11. Nh2 Qe7 12. Rae1 Nf8 13. f4 exf4 14. Rxf4 c4 15. Ref1 f5 16. R4f3 Qb4 17. Qc1 cxd3 18. cxd3 Be6 19. Bh6 Bxh6 20. Qxh6 Qxb2 21. exf5 Bxf5 22. Ne4 Bxe4 23. dxe4 Qg7 24. Qh4 h5 25. Rf7 Qxf7 26. Rxf7 Kxf7 27. Qf4+ Ke6 28. Nf3 Re7 29. e5 Rd8 30. Qa4 a6 31. Qb4 Rdd7 32. Qc4+ Rd5 33. Qf4 Rd8 34. Qb4 Kf7 35. Qf4+ Ke8 36. Qg5 c5 37. Nh4 Re6 38. Qe3 b6 39. Kh2 Rd7 40. Nf3 Rde7 41. Qe4 Rc7 42. Qa8+ Ke7 43. Qxa6 Nd7 44. Qb5 Ra7 45. Qb3 Nxe5 46. Nxe5 Rxe5 47. Qxb6 Rxa2 48. Qb7+ Kf6 49. Qb6+ Kg5 50. Qd8+ Kf5 51. Qd3+ Kf6 52. Qd8+ Re7 53. Qd6+ Re6 54. Qf8+ Ke5 55. Qxc5+ Kf6 56. Qf8+ Ke5 57. Qc5+ Kf6 58. Qf8+ 1/2-1/2

[Event "Stuttgart-chA int"]
[Site "Ditzingen"]
[Date "2008.05.01"]
[Round "2"]
[White "Schloetzer, Waldemar"]
[Black "Ebeling, Jens"]
[Result "1-0"]
[WhiteElo "2268"]
[BlackElo "2065"]
[PlyCount "57"]
[EventDate "2008.05.01"]
[EventType "swiss"]
[EventRounds "7"]
[EventCountry "GER"]
[SourceTitle "EXT 2018"]
[Source "ChessBase"]
[SourceDate "2017.10.13"]
[SourceVersion "1"]
[SourceVersionDate "2017.10.13"]
[SourceQuality "1"]

1. d4 Nf6 2. c4 g6 3. Nc3 Bg7 4. e4 d6 5. f3 0-0 6. Be3 b6 7. Bd3 a6 8. Nge2 c5 9. 0-0 e5 10. dxc5 dxc5 11. Nd5 Be6 12. Qd2 Nc6 13. Nec3 Nd7 14. Kh1 Nd4 15. Rae1 Rb8 16. a3 Rb7 17. b4 Bxd5 18. Nxd5 b5 19. Rb1 Qb8 20. Rfc1 cxb4 21. Qxb4 Kh8 22. cxb5 axb5 23. a4 Re8 24. Bxb5 Ne2 25. Rc2 Nf4 26. Rd1 Bf8 27. Qa5 Rd8 28. Nxf4 exf4 29. Bxf4 1-0

[Event "Goch op 17th"]
[Site "Goch"]
[Date "2006.10.15"]
[Round "7"]
[White "Ebeling, Jens"]
[Black "Gross, Karl"]
[Result "1/2-1/2"]
[WhiteElo "2105"]
[BlackElo "2116"]
[PlyCount "35"]
[EventDate "2006.10.12"]
[EventType "swiss"]
[EventRounds "7"]
[EventCountry "GER"]
[SourceTitle "EXT 2008"]
[Source "ChessBase"]
[SourceDate "2007.11.25"]
[SourceVersion "1"]
[SourceVersionDate "2007.11.25"]
[SourceQuality "1"]

1. e4 c6 2. d4 d5 3. e5 b6 4. Nf3 e6 5. Bf4 Qd7 6. c3 Ba6 7. Bxa6 Nxa6 8. a4 Ne7 9. Qd3 Nc7 10. Nbd2 Ng6 11. Bg3 Be7 12. h4 h5 13. a5 c5 14. axb6 c4 15. Qe3 axb6 16. Rxa8+ Nxa8 17. 0-0 Qa4 18. Ng5 1/2-1/2

[Event "Nuremberg-ch op 05th"]
[Site "Nuremberg"]
[Date "2005.05.07"]
[Round "3"]
[White "Ebeling, Jens"]
[Black "Hettler, Wolfgang"]
[Result "1/2-1/2"]
[WhiteElo "1972"]
[BlackElo "1825"]
[PlyCount "38"]
[EventDate "2005.05.06"]
[EventType "swiss"]
[EventRounds "5"]
[EventCountry "GER"]
[SourceTitle "EXT 2007"]
[Source "ChessBase"]
[SourceDate "2006.11.23"]
[SourceVersion "1"]
[SourceVersionDate "2006.11.23"]
[SourceQuality "1"]

1. e4 d5 2. Nc3 Nf6 3. e5 Nfd7 4. f4 e6 5. Nf3 c5 6. Be2 Nc6 7. 0-0 Be7 8. Kh1 0-0 9. d4 f6 10. exf6 Bxf6 11. dxc5 Nxc5 12. Bd3 b6 13. Qe2 a5 14. Bb5 Nd4 15. Nxd4 Bxd4 16. Bd2 Ra7 17. Rae1 Re7 18. f5 Bf6 19. fxe6 Bxe6 1/2-1/2

[Event "Oberliga Nord W 0203"]
[Site "Germany"]
[Date "2003.02.23"]
[Round "7.8"]
[White "Fehsenfeld, Frithjof"]
[Black "Ebeling, Jens"]
[Result "1/2-1/2"]
[WhiteElo "2082"]
[BlackElo "2128"]
[PlyCount "90"]
[EventDate "2002.10.20"]
[EventType "team"]
[EventRounds "9"]
[EventCountry "GER"]
[SourceTitle "EXT 2004"]
[Source "ChessBase"]
[SourceDate "2003.11.25"]
[SourceVersion "1"]
[SourceVersionDate "2003.11.25"]
[SourceQuality "1"]
[WhiteTeam "Delmenhorst"]
[BlackTeam "Braunschweig"]
[WhiteTeamCountry "GER"]
[BlackTeamCountry "GER"]

1. d4 Nf6 2. c4 g6 3. Nc3 Bg7 4. Bf4 0-0 5. e3 Nh5 6. Bg3 d6 7. Be2 Nxg3 8. hxg3 Nd7 9. Nf3 e5 10. 0-0 f5 11. dxe5 dxe5 12. Qd5+ Kh8 13. e4 Qe7 14. Rad1 Nc5 15. b4 Nxe4 16. Nxe4 fxe4 17. Qxe4 Qxb4 18. Nxe5 Bf5 19. Qd5 Qe7 20. f4 c6 21. Qd6 Rae8 22. Qxe7 Rxe7 23. Bd3 Bxd3 24. Nxd3 Re2 25. a4 Ra2 26. Nc5 b6 27. Ne6 Re8 28. Rfe1 Bc3 29. Re4 Kg8 30. Rd7 Rxa4 31. Rc7 c5 32. Kh2 Bd4 33. Nxc5 Rxe4 34. Nxe4 a5 35. Ng5 Bc5 36. Nxh7 Rxc4 37. Kh3 a4 38. Nf6+ Kf8 39. Kg4 Rc3 40. Nd7+ Kg8 41. Nxb6 a3 42. Na4 a2 43. Nxc3 a1Q 44. Rxc5 Qa3 45. Ne4 Qb4 1/2-1/2

[Event "Baunatal op 6th"]
[Site "Baunatal"]
[Date "2000.08.22"]
[Round "5"]
[White "Anderberg, Peter"]
[Black "Ebeling, Jens"]
[Result "1/2-1/2"]
[WhiteElo "2088"]
[BlackElo "2152"]
[PlyCount "52"]
[EventDate "2000.08.18"]
[EventType "swiss"]
[EventRounds "7"]
[EventCountry "GER"]
[SourceTitle "EXT 2001"]
[Source "ChessBase"]
[SourceDate "2000.11.22"]
[SourceVersion "1"]
[SourceVersionDate "2000.11.22"]
[SourceQuality "1"]

1. c4 g6 2. g3 Bg7 3. Bg2 d6 4. Nc3 Nf6 5. e4 c5 6. Nge2 Nc6 7. 0-0 0-0 8. d3 Ne8 9. Be3 Nd4 10. Bxd4 cxd4 11. Nb5 Bg4 12. Qd2 Bxe2 13. Qxe2 a6 14. Na3 Rb8 15. b4 Nf6 16. Qb2 Nd7 17. Nb1 b5 18. Nd2 Nb6 19. cxb5 axb5 20. Qb3 Na4 21. Nc4 Nc3 22. Na5 Qb6 23. Kh1 Rbc8 24. f4 Na4 25. f5 Rc3 26. Qd5 Rcc8 1/2-1/2

[Event "Baunatal op 6th"]
[Site "Baunatal"]
[Date "2000.08.19"]
[Round "4"]
[White "Ebeling, Jens"]
[Black "Francis, Patrick"]
[Result "1/2-1/2"]
[WhiteElo "2152"]
[BlackElo "2099"]
[PlyCount "56"]
[EventDate "2000.08.18"]
[EventType "swiss"]
[EventRounds "7"]
[EventCountry "GER"]
[SourceTitle "EXT 2001"]
[Source "ChessBase"]
[SourceDate "2000.11.22"]
[SourceVersion "1"]
[SourceVersionDate "2000.11.22"]
[SourceQuality "1"]

1. e4 d5 2. exd5 Qxd5 3. Nc3 Qa5 4. g3 c6 5. Bg2 Bf5 6. Nge2 e6 7. 0-0 Nf6 8. Nd4 Bg6 9. a3 Qb6 10. Nb3 Bd6 11. d3 Nbd7 12. Be3 Qc7 13. Ne4 Nxe4 14. dxe4 e5 15. Qd2 Nf6 16. f3 Rd8 17. Rfd1 b6 18. a4 0-0 19. Qf2 Be7 20. a5 Rxd1+ 21. Rxd1 c5 22. axb6 axb6 23. Bh3 Re8 24. Kg2 Qc6 25. Nc1 h6 26. Ne2 Rd8 27. Rxd8+ Bxd8 28. Nc3 Qd6 1/2-1/2